[Event "AUTO-OPEN-1340"]
[Site "http://www.queenalice.com/game.php?id=495024"]
[Date "2008.11.18"]
[Round "1"]
[White "V_Spy"]
[Black "dpertuzatti"]
[Result "0-1"]
[WhiteElo "1508"]
[BlackElo "1923"]

1. d3 d5 2. Nc3 e5 3. Nf3 d4 4. Ne4 f5 5. Ng3 Bd6 6. Bg5 Nf6 7. e4 f4 8. Nf5
Bxf5 9. exf5 Nbd7 10. c3 c5 11. Qb3 Nb6 12. a4 Qe7 13. Be2 O-O-O 14. O-O h6 15.
Bh4 Kb8 16. a5 Nc8 17. a6 b6 18. Ra5 Qd7 19. c4 Qxf5 20. h3 g5 21. Bxg5 hxg5 22.
g4 fxg3 23. fxg3 Qxh3 24. Nxg5 Qh2# 0-1

[Event "AUTO-OPEN-1340"]
[Site "http://www.queenalice.com/game.php?id=495025"]
[Date "2008.11.18"]
[Round "1"]
[White "dpertuzatti"]
[Black "Miquel78"]
[Result "1/2-1/2"]
[WhiteElo "2120"]
[BlackElo "1554"]

1. e4 c6 2. d4 d5 3. Nd2 dxe4 4. Nxe4 Bf5 5. Ng3 Bg6 6. h4 h5 7. Nf3 Nf6 8. Ne5
Bh7 9. Bc4 e6 10. Bg5 Be7 11. c3 Nbd7 12. f4 Nb6 13. Bxe6 fxe6 14. Bxf6 Bxf6 15.
Qxh5+ g6 16. Nxg6 Bxg6 17. Qxg6+ Kd7 18. Ne4 Bxh4+ 19. Ke2 Qg8 20. Nc5+ Ke7 21.
Qe4 Qg4+ 22. Kd3 Qf5 23. Qxf5 exf5 24. Rh3 Nd5 25. g3 Bf6 26. Rah1 b6 27. Rh7+
Rxh7 28. Rxh7+ Kf8 29. Nd7+ Kg8 30. Rh5 Kf7 31. Ne5+ Bxe5 32. dxe5 Kg6 33. Rg5+
Kh6 34. Rxf5 Rg8 1/2-1/2

[Event "AUTO-OPEN-1340"]
[Site "http://www.queenalice.com/game.php?id=495026"]
[Date "2008.11.18"]
[Round "1"]
[White "Miquel78"]
[Black "dpertuzatti"]
[Result "1-0"]
[WhiteElo "1673"]
[BlackElo "2121"]

1. e4 Nf6 2. e5 Nd5 3. c4 Nb6 4. c5 Nd5 5. Bc4 e6 6. Nc3 Nxc3 7. dxc3 Bxc5 8.
Qg4 g6 9. Bg5 Be7 10. Nf3 Nc6 11. Bxe7 Qxe7 12. b4 a6 13. O-O b5 14. Bb3 Bb7 15.
Rfe1 O-O-O 16. Qg5 h6 17. Qxe7 Nxe7 18. Nd2 d5 19. exd6 Rxd6 20. Ne4 Bxe4 21.
Rxe4 Rhd8 22. Ree1 Kb7 23. g3 c5 24. bxc5 Rc6 25. Rad1 Rxd1 26. Rxd1 Kc7 27. Rd6
Rxd6 28. cxd6+ Kxd6 29. Kf1 Nd5 30. c4 bxc4 31. Bxc4 a5 32. Ke2 Kc5 33. Ba6 Nb4
34. Bc8 Nxa2 35. Bd7 g5 36. Be8 f6 37. Kd2 Nb4 38. Kc3 e5 39. Kb3 Nd3 40. f3 Ne1
41. Bh5 1-0

[Event "AUTO-OPEN-1340"]
[Site "http://www.queenalice.com/game.php?id=495027"]
[Date "2008.11.18"]
[Round "1"]
[White "dpertuzatti"]
[Black "whyBish"]
[Result "1-0"]
[WhiteElo "2062"]
[BlackElo "2129"]

1. e4 c5 2. Nf3 g6 3. d4 cxd4 4. Qxd4 Nf6 5. e5 Nc6 6. Qc4 d5 7. exd6 Qxd6 8.
Bf4 e5 9. Bg3 Be6 10. Qb5 O-O-O 11. Nc3 a6 12. Qa4 Qc7 13. Bd3 Bd6 14. O-O-O Nd7
15. Bc4 Bxc4 16. Qxc4 f5 17. Qe6 Bc5 18. Nd5 Qa5 19. Nf6 Nd4 20. Nxd4 Bxd4 21.
c3 Qc5 22. Kb1 1-0

[Event "AUTO-OPEN-1340"]
[Site "http://www.queenalice.com/game.php?id=495028"]
[Date "2008.11.18"]
[Round "1"]
[White "whyBish"]
[Black "dpertuzatti"]
[Result "0-1"]
[WhiteElo "2128"]
[BlackElo "2004"]

1. d4 d5 2. c4 c6 3. Nf3 Nf6 4. Nc3 dxc4 5. a4 Bf5 6. Bg5 h6 7. Bxf6 gxf6 8. e4
Bh7 9. Bxc4 Qc7 10. O-O Bg7 11. Re1 O-O 12. Re3 f5 13. Qe2 f4 14. Rd3 Nd7 15.
Rad1 Nb6 16. Ba2 Rad8 17. d5 cxd5 18. Nxd5 Nxd5 19. Rxd5 e6 20. R5d2 Rxd2 21.
Rxd2 Rd8 22. Bb1 Qc1+ 23. Qe1 Qxe1+ 0-1

[Event "999"]
[Site "http://www.queenalice.com/game.php?id=495325"]
[Date "2008.11.19"]
[Round "-"]
[White "phystutordotcom"]
[Black "dpertuzatti"]
[Result "0-1"]
[WhiteElo "2025"]
[BlackElo "1924"]

1. Nf3 d5 2. d3 Nf6 3. Nbd2 c5 4. e4 Nc6 5. g3 Bg4 6. h3 Bxf3 7. Qxf3 Nd4 8. Qd1
dxe4 9. dxe4 e5 10. Bg2 Bd6 11. O-O Qc7 12. c3 Nc6 13. Nc4 O-O-O 14. Nxd6+ Rxd6
15. Qe2 Rhd8 16. Be3 b6 17. Rad1 Qd7 18. Rxd6 Qxd6 19. Bf3 Qd3 20. Qxd3 Rxd3 21.
Rd1 Rxd1+ 22. Bxd1 Nxe4 23. Bf3 f5 24. g4 Kd7 25. Bxe4 fxe4 26. Kh2 Ke6 27. Kg3
Kd5 28. b3 a5 29. a4 c4 30. b4 axb4 31. cxb4 Nxb4 32. Bxb6 c3 33. a5 c2 34. Be3
Nd3 35. a6 Kc6 0-1

[Event "Challenge"]
[Site "http://www.queenalice.com/game.php?id=495465"]
[Date "2008.11.19"]
[Round "-"]
[White "aureliano"]
[Black "dpertuzatti"]
[Result "0-1"]
[WhiteElo "1610"]
[BlackElo "1755"]

1. e4 Nf6 2. Qf3 d6 3. d4 Nc6 4. d5 Ne5 5. Qg3 Nxe4 6. Qf4 Nf6 7. Nf3 Nxd5 8.
Qd4 Nxf3+ 9. gxf3 Nf6 10. Nc3 e5 11. Qe3 Bd7 12. Bc4 Be7 13. Ne4 Bc6 14. Qg5 g6
15. Qh6 Nxe4 16. fxe4 Bf8 17. Qh3 Bg7 18. Qf3 f5 19. Bd2 Bxe4 20. Qe3 Bxh1 21.
f4 Qh4+ 22. Ke2 Qxh2+ 23. Kd3 Be4+ 24. Kc3 exf4+ 25. Qd4 Bxd4+ 26. Kxd4 Qxd2+
27. Bd3 Qb4+ 28. c4 c5# 0-1

[Event "Challenge"]
[Site "http://www.queenalice.com/game.php?id=495466"]
[Date "2008.11.19"]
[Round "-"]
[White "dpertuzatti"]
[Black "aureliano"]
[Result "1-0"]
[WhiteElo "1500"]
[BlackElo "1610"]

1. e4 e5 2. f4 Nc6 3. Bc4 exf4 4. Nf3 Qf6 5. d4 Qg6 6. O-O d6 7. Bxf4 Nf6 8. e5
Ne4 9. Nc3 Bh3 10. Bg3 Nxg3 11. hxg3 Qxg3 12. Bxf7+ Kd8 13. Qd2 Be7 14. Qf2 Qg4
15. d5 Nxe5 16. Nxe5 dxe5 17. Be6 Qb4 18. Bxh3 b6 19. Qf5 Rf8 20. Qd7# 1-0

[Event "Challenge"]
[Site "http://www.queenalice.com/game.php?id=495475"]
[Date "2008.11.19"]
[Round "-"]
[White "dpertuzatti"]
[Black "solo"]
[Result "1-0"]
[WhiteElo "1996"]
[BlackElo "1657"]

1. e4 e5 2. f4 exf4 3. Nf3 h6 4. Bc4 d6 5. O-O a6 6. d4 g5 7. g3 fxg3 8. Nxg5
hxg5 9. Bxf7+ Kd7 10. Be6+ Kc6 11. d5+ Kb6 12. Be3+ c5 13. dxc6+ Kxc6 14. Qd5+
Kc7 15. Bxg8 gxh2+ 16. Kh1 Nd7 17. Be6 Kb8 18. Bxg5 Be7 19. Bxe7 Qxe7 20. Rf7
Qe8 21. Qxd6+ Ka7 22. Nc3 Nb6 23. Rf6 Nc4 24. Bxc4 Qd7 25. Qxd7 Bxd7 26. Raf1
Rag8 27. Bxg8 Rxg8 28. Kxh2 Rh8+ 29. Kg3 Rg8+ 30. Kf4 Rg4+ 31. Ke5 Rg5+ 32. Kd6
Bh3 33. e5 1-0

[Event "Challenge"]
[Site "http://www.queenalice.com/game.php?id=496181"]
[Date "2008.11.21"]
[Round "-"]
[White "dpertuzatti"]
[Black "Bixu"]
[Result "0-1"]
[WhiteElo "2098"]
[BlackElo "1782"]

1. e4 e5 2. f4 d6 3. Nf3 exf4 4. Bc4 h6 5. O-O Nf6 6. d3 Nh5 7. Ne5 dxe5 8. Qxh5
Bc5+ 9. Kh1 g6 10. Qxe5+ Kd7 11. Rxf4 Qe7 12. Rxf7 Re8 13. Rxe7+ Bxe7 14. Bxh6
Bd6 15. Qg7+ Kc6 16. Nc3 Be6 17. Bd5+ Bxd5 18. exd5+ Kc5 19. Ne4+ Kxd5 20. Qf7+
Re6 21. c4+ Ke5 0-1

[Event "Challenge"]
[Site "http://www.queenalice.com/game.php?id=496579"]
[Date "2008.11.21"]
[Round "-"]
[White "dpertuzatti"]
[Black "Pato"]
[Result "1/2-1/2"]
[WhiteElo "2162"]
[BlackElo "2132"]

1. e4 Nc6 2. d4 e5 3. d5 Nce7 4. c4 Ng6 5. Nc3 Bc5 6. Bd3 Nf6 7. Nge2 O-O 8. O-O
h6 9. a3 a5 10. Kh1 d6 11. f4 exf4 12. Nxf4 Nxf4 13. Bxf4 Bg4 14. Be2 Bxe2 15.
Qxe2 Qe7 16. Qf3 Bd4 17. Rae1 Be5 18. Bxe5 Qxe5 19. Qd1 Rfe8 20. Rf5 Qe7 21. e5
dxe5 22. Rfxe5 Qxe5 23. Rxe5 Rxe5 24. g3 Rae8 25. Kg2 h5 26. b4 Ng4 27. Qd4 Ne3+
28. Kg1 axb4 29. axb4 g5 30. Nb5 Nf5 31. Qd2 Nd6 32. Nxd6 cxd6 33. c5 dxc5 34.
d6 cxb4 35. d7 Rd8 36. Qd6 Re1+ 37. Kf2 Re6 38. Qc7 Rxd7 39. Qxd7 Rf6+ 40. Ke3
b6 41. Qb5 Re6+ 42. Kd4 f6 43. Qd7 Re5 44. Qd8+ Kg7 45. Qxb6 b3 46. Qxb3 Kg6 47.
Qg8+ Kh6 48. Qf7 Rf5 49. Qe6 Kg6 50. Ke4 Re5+ 51. Qxe5 fxe5 52. Kxe5 g4 53. Ke4
Kg5 54. Ke5 h4 55. Ke4 hxg3 56. hxg3 Kg6 57. Kf4 Kh5 58. Kf5 Kh6 59. Kxg4
1/2-1/2

[Event "AUTO-MASTER-669"]
[Site "http://www.queenalice.com/game.php?id=496898"]
[Date "2008.11.22"]
[Round "1"]
[White "jsm"]
[Black "dpertuzatti"]
[Result "1-0"]
[WhiteElo "2173"]
[BlackElo "2048"]

1. d4 d5 2. c4 c6 3. Nc3 dxc4 4. a4 e5 5. dxe5 Qxd1+ 6. Kxd1 Na6 7. e4 Be6 8. f4
O-O-O+ 9. Bd2 g6 10. Nf3 Nc5 11. Kc2 Be7 12. Be2 f5 13. Ng5 Bxg5 14. fxg5 fxe4
15. Be3 Nb3 16. Nxe4 Nxa1+ 17. Rxa1 Bf5 18. Bf3 Ne7 19. Bxa7 Nd5 20. Bc5 b6 21.
Bd6 Rhe8 22. Re1 Nf4 23. Kc3 Bxe4 24. Rxe4 Nd5+ 25. Kxc4 Kb7 26. b4 Ne3+ 27. Kb3
1-0

[Event "AUTO-MASTER-669"]
[Site "http://www.queenalice.com/game.php?id=496899"]
[Date "2008.11.22"]
[Round "1"]
[White "dpertuzatti"]
[Black "jsm"]
[Result "0-1"]
[WhiteElo "2037"]
[BlackElo "2181"]

1. e4 e6 2. d4 d5 3. Nc3 Nf6 4. e5 Ng8 5. f4 Bb4 6. Nf3 Ne7 7. a3 Bxc3+ 8. bxc3
Nd7 9. Bd3 c5 10. O-O O-O 11. Ng5 g6 12. h4 c4 13. Be2 Nf5 14. Qe1 h6 15. g4
hxg5 16. gxf5 exf5 17. hxg5 Kg7 18. Kg2 Rh8 19. Be3 Nb6 20. Qg3 Bd7 21. Rh1 Qe7
22. Rxh8 Rxh8 23. Rh1 Rxh1 24. Kxh1 Qxa3 25. Qh3 Qxc3 26. Kg2 Qxc2 0-1

[Event "AUTO-MASTER-669"]
[Site "http://www.queenalice.com/game.php?id=496914"]
[Date "2008.11.22"]
[Round "1"]
[White "Pollyanna"]
[Black "dpertuzatti"]
[Result "1-0"]
[WhiteElo "2273"]
[BlackElo "2138"]

1. e4 Nf6 2. e5 Nd5 3. d4 d6 4. c4 Nb6 5. exd6 exd6 6. Nc3 Be7 7. Bd3 Nc6 8.
Nge2 O-O 9. O-O Bg4 10. f3 Bh5 11. Nf4 Bg6 12. Bxg6 hxg6 13. d5 Ne5 14. b3 Bf6
15. Qc2 a5 16. Be3 Re8 17. Ne4 Nbd7 18. Rae1 b6 19. Bd2 Nc5 20. Nxc5 bxc5 21.
Bc3 Qd7 22. a4 c6 23. dxc6 Nxc6 24. Bxf6 gxf6 25. Nd5 Nd4 26. Nxf6+ Kg7 27.
Nxe8+ Rxe8 28. Qc3 Rb8 29. Qxa5 Rxb3 30. Qa8 Qf5 31. Re8 Ne2+ 32. Rxe2 1-0

[Event "AUTO-MASTER-669"]
[Site "http://www.queenalice.com/game.php?id=496915"]
[Date "2008.11.22"]
[Round "1"]
[White "dpertuzatti"]
[Black "Pollyanna"]
[Result "0-1"]
[WhiteElo "2107"]
[BlackElo "2301"]

1. e4 c5 2. Nf3 Nc6 3. d4 cxd4 4. Nxd4 Nf6 5. Nc3 e5 6. Ndb5 d6 7. Bg5 a6 8. Na3
b5 9. Nd5 Be7 10. Nxe7 Nxe7 11. f3 d5 12. c4 dxc4 13. Qxd8+ Kxd8 14. O-O-O+ Kc7
15. b3 cxb3 16. axb3 Be6 17. Kb2 Rhd8 18. Rc1+ Nc6 19. Be2 Kb7 20. Nc2 Na5 21.
Na1 h6 22. Be3 Nh5 23. g3 Nf6 24. b4 Nc4+ 25. Bxc4 bxc4 26. Rc3 Ne8 27. Nc2 Nc7
28. Na3 Nb5 29. Nxb5 axb5 30. Ra1 Rxa1 31. Kxa1 Rd1+ 32. Kb2 Rh1 33. Rc2 f5 34.
exf5 Bxf5 35. Rf2 Rb1+ 36. Ka2 c3 0-1

[Event "AUTO-MASTER-669"]
[Site "http://www.queenalice.com/game.php?id=496924"]
[Date "2008.11.22"]
[Round "1"]
[White "lucich"]
[Black "dpertuzatti"]
[Result "1/2-1/2"]
[WhiteElo "2207"]
[BlackElo "2114"]

1. d4 d5 2. c4 c6 3. Nc3 dxc4 4. e4 Nf6 5. Bxc4 e6 6. Nf3 Be7 7. O-O Nbd7 8. h3
b5 9. Bd3 Bb7 10. e5 Nd5 11. Nxd5 exd5 12. Qc2 h6 13. Bd2 O-O 14. b4 Nb6 15. Qc1
f5 16. Re1 Nc4 17. a4 a6 18. Bc3 Qe8 19. e6 Qg6 20. Ne5 Nxe5 21. Rxe5 Bd6 22. e7
Rf6 23. axb5 Bxe5 24. bxa6 Bc8 25. dxe5 Re6 26. Bd4 Rxe7 27. Qc5 Qe8 28. b5 cxb5
29. Bxb5 Bd7 30. Qxd5+ Be6 31. Qxe6+ Rxe6 32. Bxe8 Rexe8 33. a7 Kf7 34. Ra6 Re6
35. Rxe6 Kxe6 36. f4 g5 37. g3 Kd5 38. Be3 Ke4 39. Kf2 gxf4 40. gxf4 h5 41. Ke2
Rc8 42. Bc5 Ra8 43. h4 Kd5 44. Bf2 Ke4 45. Be3 Rc8 46. Bb6 Ra8 47. Be3 1/2-1/2

[Event "AUTO-MASTER-669"]
[Site "http://www.queenalice.com/game.php?id=496925"]
[Date "2008.11.22"]
[Round "1"]
[White "dpertuzatti"]
[Black "lucich"]
[Result "0-1"]
[WhiteElo "2121"]
[BlackElo "2209"]

1. e4 c6 2. d4 d5 3. Nd2 dxe4 4. Nxe4 Bf5 5. Ng3 Bg6 6. h4 h6 7. h5 Bh7 8. Nf3
Nd7 9. Bd3 Bxd3 10. Qxd3 Qc7 11. Be3 Ngf6 12. O-O-O e6 13. Ne4 Nxe4 14. Qxe4
O-O-O 15. Ne5 Nf6 16. Qf3 Bd6 17. Nc4 Qe7 18. c3 Nd5 19. Nxd6+ Rxd6 20. Rhe1 Qf6
21. Rg1 Rhd8 22. Kc2 Nxe3+ 23. fxe3 Qe7 24. g4 f6 25. Qe4 Qd7 26. Rdf1 Re8 27.
Re1 e5 28. Qf5 Kc7 29. Qxd7+ Kxd7 30. Kd3 c5 31. e4 cxd4 32. c4 Ra6 33. a3 Ra4
34. Rc1 Re6 35. Ra1 Rb6 36. b4 Rba6 37. c5 Rxa3+ 38. Rxa3 Rxa3+ 39. Kc4 Rc3+ 40.
Kb5 Kc7 41. g5 fxg5 42. Rf1 a6+ 43. Ka4 b5+ 44. cxb6+ Kxb6 45. Rf7 Rc7 46. Rf3
Rc3 47. Rf7 Rc7 48. Rf3 Rd7 49. Rd3 g4 50. Kb3 Rc7 0-1

[Event "Let's Play Chess!"]
[Site "http://www.queenalice.com/game.php?id=500053"]
[Date "2008.11.30"]
[Round "-"]
[White "grekohs"]
[Black "dpertuzatti"]
[Result "1-0"]
[WhiteElo "1973"]
[BlackElo "2068"]

1. e4 Nf6 2. e5 Nd5 3. d4 d6 4. c4 Nb6 5. Nf3 Bg4 6. exd6 exd6 7. Be2 Be7 8. O-O
O-O 9. b3 Nc6 10. Bb2 Bf6 11. Nbd2 Re8 12. Re1 a5 13. a3 Ne7 14. Qc2 Bf5 15. Bd3
Bg6 16. Ne4 Nc6 17. c5 Nd5 18. Nxf6+ Qxf6 19. Rad1 Bxd3 20. Qxd3 Nf4 21. Qc2 d5
22. Bc3 Nh3+ 23. Kf1 Ng5 24. Nxg5 Qxg5 25. b4 axb4 26. axb4 Qf4 27. Rxe8+ Rxe8
28. Rd3 Qxh2 29. Rh3 Qf4 30. Qxh7+ Kf8 31. Qh8+ Ke7 32. Qxg7 Kd8 33. Qh6 Qf5 34.
Qc1 1-0

[Event "AUTO-MASTER-676"]
[Site "http://www.queenalice.com/game.php?id=500588"]
[Date "2008.11.30"]
[Round "1"]
[White "JimMorrisson"]
[Black "dpertuzatti"]
[Result "1-0"]
[WhiteElo "2208"]
[BlackElo "2160"]

1. e4 Nf6 2. e5 Nd5 3. c4 Nb6 4. c5 Nd5 5. Nc3 e6 6. d4 d6 7. cxd6 cxd6 8. Nf3
Nxc3 9. bxc3 Nc6 10. Bd3 dxe5 11. dxe5 Bd7 12. O-O Be7 13. Qe2 O-O 14. Rd1 Qc7
15. Bf4 Rad8 16. Qe4 g6 17. h4 Na5 18. Bh6 Rfe8 19. Qf4 Bc6 20. Ng5 Bf8 21. Bxf8
Rxf8 22. h5 Qe7 23. Be4 Rxd1+ 24. Rxd1 f6 25. exf6 Rxf6 26. Qg3 Kg7 27. h6+ Kg8
28. Qd6 Qe8 29. Qc7 Rf7 30. Nxf7 Qxf7 31. Rd8+ Be8 32. Rxe8+ 1-0

[Event "AUTO-MASTER-676"]
[Site "http://www.queenalice.com/game.php?id=500589"]
[Date "2008.11.30"]
[Round "1"]
[White "dpertuzatti"]
[Black "JimMorrisson"]
[Result "0-1"]
[WhiteElo "2135"]
[BlackElo "2220"]

1. e4 c5 2. Nf3 Nc6 3. d4 cxd4 4. Nxd4 g6 5. Bc4 Bg7 6. Nxc6 bxc6 7. c3 d6 8.
O-O Nf6 9. f3 O-O 10. Be3 Qc7 11. Nd2 a5 12. g4 Rb8 13. Qc2 d5 14. exd5 cxd5 15.
Bd3 e5 16. Bf2 Re8 17. Bg3 Qb6+ 18. Kg2 Ba6 19. Bxa6 Qxa6 20. Rae1 Nd7 21. Rf2
Rbc8 22. Rfe2 d4 23. Rf2 Nc5 24. Ne4 Nd3 25. Rfe2 Nxe1+ 26. Rxe1 a4 27. Nd2 a3
28. c4 axb2 29. Qxb2 f5 30. gxf5 gxf5 31. Qc2 Qg6 32. Kf1 Re6 33. c5 Rce8 34.
Qc4 Kh8 35. a4 e4 36. Nb3 f4 37. Bxf4 exf3 0-1

[Event "AUTO-MASTER-676"]
[Site "http://www.queenalice.com/game.php?id=500602"]
[Date "2008.11.30"]
[Round "1"]
[White "whyBish"]
[Black "dpertuzatti"]
[Result "0-1"]
[WhiteElo "2053"]
[BlackElo "2120"]

1. f4 e5 2. fxe5 d6 3. exd6 Bxd6 4. Nf3 g5 5. g3 h5 6. d4 f6 7. e4 Nc6 8. Be3 h4
9. e5 Be7 10. Qd3 hxg3 11. Qg6+ Kf8 12. Bc4 Qe8 13. Qd3 Bg4 14. Nbd2 Qh5 15. Qe2
fxe5 16. Rf1 Kg7 17. hxg3 Rf8 18. dxe5 Nh6 19. O-O-O Nf5 20. Qd3 Rd8 21. Nd4
Ncxd4 22. Bxd4 Rxd4 23. Qc3 Rhd8 24. e6 Bxd1 25. Rxf5 Bf6 26. Ne4 Bxc2 0-1

[Event "AUTO-MASTER-676"]
[Site "http://www.queenalice.com/game.php?id=500603"]
[Date "2008.11.30"]
[Round "1"]
[White "dpertuzatti"]
[Black "whyBish"]
[Result "1/2-1/2"]
[WhiteElo "2124"]
[BlackElo "2060"]

1. e4 c5 2. Nf3 g6 3. d4 cxd4 4. Nxd4 Nc6 5. Bc4 Bg7 6. Nxc6 bxc6 7. O-O d6 8.
c3 Nf6 9. Qe2 O-O 10. Nd2 Bb7 11. f3 Qc7 12. Nb3 Nd7 13. Bf4 Ne5 14. Bxe5 Bxe5
15. f4 Bxf4 16. Rxf4 d5 17. Rf2 dxc4 18. Qxc4 Rad8 19. Raf1 e6 20. Nc5 Bc8 21.
b4 Rd6 22. a4 Rfd8 23. Rxf7 Qxf7 24. Rxf7 Kxf7 25. Kf2 Rd1 26. h3 R8d2+ 27. Ke3
Rxg2 28. Nd3 Bd7 29. Ne5+ Ke8 30. Nxd7 Kxd7 31. Qa6 Rg3+ 32. Ke2 Rdd3 33. Qxa7+
Kd6 34. Qb8+ Ke7 35. Qc7+ Kf6 36. Qxh7 Rde3+ 1/2-1/2

[Event "AUTO-MASTER-676"]
[Site "http://www.queenalice.com/game.php?id=500610"]
[Date "2008.11.30"]
[Round "1"]
[White "Aylton"]
[Black "dpertuzatti"]
[Result "0-1"]
[WhiteElo "2031"]
[BlackElo "2138"]

1. d4 Nf6 2. c4 g6 3. Nf3 Bg7 4. e3 d5 5. h3 O-O 6. Nc3 c6 7. a3 Nbd7 8. Be2 Nb6
9. c5 Nbd7 10. b4 Re8 11. Bb2 e5 12. dxe5 Nxe5 13. O-O Nfd7 14. Rc1 Nxf3+ 15.
Bxf3 Ne5 16. Be2 Qh4 17. f4 Nd7 18. Rf3 f5 19. Qc2 Nf6 20. Rd1 Ne4 21. Nxe4 fxe4
22. Rff1 Qg3 23. Bxg7 Kxg7 24. Qc3+ Kg8 25. Kh1 a6 26. Rfe1 Rf8 27. Qd4 g5 28.
Rf1 g4 29. hxg4 Bxg4 30. Bxg4 Qxg4 31. Qd2 Rf5 32. Qf2 Kf7 33. Rd2 Rg8 34. Rfd1
Rg6 35. Kg1 Rh5 36. a4 Rgh6 0-1

[Event "AUTO-MASTER-676"]
[Site "http://www.queenalice.com/game.php?id=500611"]
[Date "2008.11.30"]
[Round "1"]
[White "dpertuzatti"]
[Black "Aylton"]
[Result "1-0"]
[WhiteElo "2109"]
[BlackElo "2031"]

1. e4 e5 2. f4 d6 3. Nf3 Nc6 4. Bc4 h6 5. O-O Nf6 6. Nc3 a6 7. d4 exd4 8. Nxd4
Bd7 9. Be3 Be7 10. Qd2 b5 11. Bd5 Rb8 12. Nxc6 Bxc6 13. Bxc6+ Kf8 14. Ba7 1-0